<?xml version="1.0" encoding="UTF-8"?>
<record
    xmlns:xsi="http://www.w3.org/2001/XMLSchema-instance"
    xsi:schemaLocation="http://www.loc.gov/MARC21/slim http://www.loc.gov/standards/marcxml/schema/MARC21slim.xsd"
    xmlns="http://www.loc.gov/MARC21/slim">

  <leader>02012nam0a2200361   4500</leader>
  <controlfield tag="001">RU\NLR\ONIZ\217181</controlfield>
  <controlfield tag="005">20250626062515.0</controlfield>
  <datafield tag="035" ind1=" " ind2=" ">
    <subfield code="a">(NLR Aleph) 011414691</subfield>
  </datafield>
  <datafield tag="090" ind1=" " ind2=" ">
    <subfield code="a">11577649</subfield>
    <subfield code="c">11577649</subfield>
  </datafield>
  <datafield tag="100" ind1=" " ind2=" ">
    <subfield code="a">20170418d2005    |||y0rusy50      ca</subfield>
  </datafield>
  <datafield tag="101" ind1="0" ind2=" ">
    <subfield code="a">rus</subfield>
  </datafield>
  <datafield tag="102" ind1=" " ind2=" ">
    <subfield code="a">RU</subfield>
  </datafield>
  <datafield tag="105" ind1=" " ind2=" ">
    <subfield code="a">y   z   000|y</subfield>
  </datafield>
  <datafield tag="200" ind1="1" ind2=" ">
    <subfield code="a">&#x41C;&#x435;&#x442;&#x43E;&#x434;&#x438;&#x447;&#x435;&#x441;&#x43A;&#x438;&#x435; &#x443;&#x43A;&#x430;&#x437;&#x430;&#x43D;&#x438;&#x44F; &#x43A; &#x432;&#x44B;&#x43F;&#x43E;&#x43B;&#x43D;&#x435;&#x43D;&#x438;&#x44E; &#x441;&#x430;&#x43C;&#x43E;&#x441;&#x442;&#x43E;&#x44F;&#x442;&#x435;&#x43B;&#x44C;&#x43D;&#x44B;&#x445; &#x440;&#x430;&#x431;&#x43E;&#x442; &#x438; &#x43A;&#x43E;&#x43D;&#x442;&#x440;&#x43E;&#x43B;&#x44C;&#x43D;&#x44B;&#x435; &#x437;&#x430;&#x434;&#x430;&#x43D;&#x438;&#x44F; &#x43F;&#x43E; &#x43A;&#x443;&#x440;&#x441;&#x443; &#x430;&#x43D;&#x430;&#x43B;&#x438;&#x437;&#x430; &#x43C;&#x443;&#x437;&#x44B;&#x43A;&#x430;&#x43B;&#x44C;&#x43D;&#x44B;&#x445; &#x43F;&#x440;&#x43E;&#x438;&#x437;&#x432;&#x435;&#x434;&#x435;&#x43D;&#x438;&#x439; &#x434;&#x43B;&#x44F; &#x441;&#x442;&#x443;&#x434;&#x435;&#x43D;&#x442;&#x43E;&#x432; &#x437;&#x430;&#x43E;&#x447;&#x43D;&#x43E;&#x433;&#x43E; &#x43E;&#x442;&#x434;&#x435;&#x43B;&#x435;&#x43D;&#x438;&#x44F; &#x438;&#x441;&#x442;&#x43E;&#x440;&#x438;&#x43A;&#x43E;-&#x442;&#x435;&#x43E;&#x440;&#x435;&#x442;&#x438;&#x447;&#x435;&#x441;&#x43A;&#x43E;&#x433;&#x43E; &#x444;&#x430;&#x43A;&#x443;&#x43B;&#x44C;&#x442;&#x435;&#x442;&#x430;</subfield>
    <subfield code="f">&#x441;&#x43E;&#x441;&#x442;.: &#x415;. &#x410;. &#x420;&#x443;&#x447;&#x44C;&#x435;&#x432;&#x441;&#x43A;&#x430;&#x44F;, &#x412;. &#x41F;. &#x428;&#x438;&#x440;&#x43E;&#x43A;&#x43E;&#x432;&#x430;, &#x41B;. &#x41F;. &#x418;&#x432;&#x430;&#x43D;&#x43E;&#x432;&#x430;</subfield>
  </datafield>
  <datafield tag="210" ind1=" " ind2=" ">
    <subfield code="a">&#x421;&#x430;&#x43D;&#x43A;&#x442;-&#x41F;&#x435;&#x442;&#x435;&#x440;&#x431;&#x443;&#x440;&#x433;</subfield>
    <subfield code="c">&#x421;&#x430;&#x43D;&#x43A;&#x442;-&#x41F;&#x435;&#x442;&#x435;&#x440;&#x431;&#x443;&#x440;&#x433;&#x441;&#x43A;&#x430;&#x44F; &#x433;&#x43E;&#x441;&#x443;&#x434;&#x430;&#x440;&#x441;&#x442;&#x432;&#x435;&#x43D;&#x43D;&#x430;&#x44F; &#x43A;&#x43E;&#x43D;&#x441;&#x435;&#x440;&#x432;&#x430;&#x442;&#x43E;&#x440;&#x438;&#x44F; &#x438;&#x43C;. &#x41D;. &#x410;. &#x420;&#x438;&#x43C;&#x441;&#x43A;&#x43E;&#x433;&#x43E;-&#x41A;&#x43E;&#x440;&#x441;&#x430;&#x43A;&#x43E;&#x432;&#x430;</subfield>
    <subfield code="d">2005</subfield>
  </datafield>
  <datafield tag="215" ind1=" " ind2=" ">
    <subfield code="a">46 &#x441;.</subfield>
    <subfield code="d">20 &#x441;&#x43C;</subfield>
  </datafield>
  <datafield tag="320" ind1=" " ind2=" ">
    <subfield code="a">&#x411;&#x438;&#x431;&#x43B;&#x438;&#x43E;&#x433;&#x440;. &#x432; &#x43A;&#x43E;&#x43D;&#x446;&#x435; &#x440;&#x430;&#x437;&#x434;&#x435;&#x43B;&#x43E;&#x432;.</subfield>
  </datafield>
  <datafield tag="606" ind1="1" ind2=" ">
    <subfield code="a">&#x410;&#x43D;&#x430;&#x43B;&#x438;&#x437; &#x43C;&#x443;&#x437;&#x44B;&#x43A;&#x430;&#x43B;&#x44C;&#x43D;&#x44B;&#x445; &#x43F;&#x440;&#x43E;&#x438;&#x437;&#x432;&#x435;&#x434;&#x435;&#x43D;&#x438;&#x439;</subfield>
    <subfield code="x">&#x41C;&#x435;&#x442;&#x43E;&#x434;&#x438;&#x447;&#x435;&#x441;&#x43A;&#x438;&#x435; &#x43F;&#x43E;&#x441;&#x43E;&#x431;&#x438;&#x44F;</subfield>
    <subfield code="2">nlr_sh</subfield>
  </datafield>
  <datafield tag="686" ind1=" " ind2=" ">
    <subfield code="a">&#x429;310.585&#x440;(2&#x420;)</subfield>
    <subfield code="v">LBC/SL</subfield>
    <subfield code="2">rubbk</subfield>
  </datafield>
  <datafield tag="702" ind1=" " ind2="1">
    <subfield code="9">z01790</subfield>
    <subfield code="a">&#x420;&#x443;&#x447;&#x44C;&#x435;&#x432;&#x441;&#x43A;&#x430;&#x44F;</subfield>
    <subfield code="b">&#x415;. &#x410;.</subfield>
    <subfield code="f">1922-2009</subfield>
    <subfield code="g">&#x415;&#x43A;&#x430;&#x442;&#x435;&#x440;&#x438;&#x43D;&#x430; &#x410;&#x43B;&#x435;&#x43A;&#x441;&#x430;&#x43D;&#x434;&#x440;&#x43E;&#x432;&#x43D;&#x430;</subfield>
    <subfield code="4">220</subfield>
    <subfield code="7">ca</subfield>
  </datafield>
  <datafield tag="702" ind1=" " ind2="1">
    <subfield code="9">z02790</subfield>
    <subfield code="a">&#x428;&#x438;&#x440;&#x43E;&#x43A;&#x43E;&#x432;&#x430;</subfield>
    <subfield code="b">&#x412;. &#x41F;.</subfield>
    <subfield code="g">&#x412;&#x430;&#x43B;&#x435;&#x43D;&#x442;&#x438;&#x43D;&#x430; &#x41F;&#x430;&#x432;&#x43B;&#x43E;&#x432;&#x43D;&#x430;</subfield>
    <subfield code="4">220</subfield>
  </datafield>
  <datafield tag="702" ind1=" " ind2="1">
    <subfield code="9">z03790</subfield>
    <subfield code="a">&#x418;&#x432;&#x430;&#x43D;&#x43E;&#x432;&#x430;</subfield>
    <subfield code="b">&#x41B;.&#x41F;.</subfield>
    <subfield code="c">&#x43C;&#x443;&#x437;&#x44B;&#x43A;&#x43E;&#x432;&#x435;&#x434;</subfield>
    <subfield code="g">&#x41B;&#x430;&#x440;&#x438;&#x441;&#x430; &#x41F;&#x430;&#x432;&#x43B;&#x43E;&#x432;&#x43D;&#x430;</subfield>
    <subfield code="4">220</subfield>
    <subfield code="4">340</subfield>
  </datafield>
  <datafield tag="790" ind1=" " ind2="1">
    <subfield code="9">z01702</subfield>
    <subfield code="a">Ru&#x10D;`evskaja</subfield>
    <subfield code="b">E. A.</subfield>
    <subfield code="f">1922-2009</subfield>
    <subfield code="g">Ekaterina Aleksandrovna</subfield>
    <subfield code="4">220</subfield>
    <subfield code="7">ba</subfield>
  </datafield>
  <datafield tag="790" ind1=" " ind2="1">
    <subfield code="9">z02702</subfield>
    <subfield code="a">Shirokova</subfield>
    <subfield code="b">V. P.</subfield>
    <subfield code="g">Valentina Pavlovna</subfield>
    <subfield code="4">220</subfield>
  </datafield>
  <datafield tag="790" ind1=" " ind2="1">
    <subfield code="9">z03702</subfield>
    <subfield code="a">Ivanova</subfield>
    <subfield code="b">L. P.</subfield>
    <subfield code="g">Larisa Pavlovna</subfield>
    <subfield code="4">220</subfield>
    <subfield code="4">340</subfield>
  </datafield>
  <datafield tag="801" ind1=" " ind2="0">
    <subfield code="a">RU</subfield>
    <subfield code="b">NLR</subfield>
    <subfield code="c">20170418</subfield>
    <subfield code="g">PSBO</subfield>
  </datafield>
  <datafield tag="801" ind1=" " ind2="1">
    <subfield code="a">RU</subfield>
    <subfield code="b">NLR</subfield>
    <subfield code="c">20170418</subfield>
    <subfield code="2">rusmarc</subfield>
  </datafield>
  <datafield tag="801" ind1=" " ind2="2">
    <subfield code="a">RU</subfield>
    <subfield code="b">NLR</subfield>
    <subfield code="c">20170418</subfield>
  </datafield>
  <datafield tag="852" ind1=" " ind2=" ">
    <subfield code="a">NLR</subfield>
    <subfield code="b">&#x41C;&#x441;</subfield>
    <subfield code="j">40/&#x420;.924</subfield>
    <subfield code="p">&#x410;&#x44D; 11776</subfield>
    <subfield code="t">1</subfield>
  </datafield>
  <datafield tag="942" ind1=" " ind2=" ">
    <subfield code="c">BOOK</subfield>
  </datafield>
  <datafield tag="980" ind1=" " ind2=" ">
    <subfield code="a">NB</subfield>
  </datafield>
  <datafield tag="980" ind1=" " ind2=" ">
    <subfield code="a">ONIZ</subfield>
  </datafield>
  <datafield tag="995" ind1=" " ind2=" ">
    <subfield code="5">2017-04-18</subfield>
    <subfield code="b">NLR01</subfield>
    <subfield code="c">NLR01</subfield>
    <subfield code="e">ONIZ</subfield>
    <subfield code="k">40/&#x420;.924 40/&#x420;.924</subfield>
    <subfield code="o">0</subfield>
    <subfield code="r">BOOK</subfield>
    <subfield code="s">40924_40924</subfield>
  </datafield>
</record>
